Imágenes de mujeres / (Record no. 1014)

MARC details
000 -LEADER
campo de control de longitud fija 01072nam a22002777a 4500
008 - DATOS DE LONGITUD FIJA--INFORMACIÓN GENERAL
campo de control de longitud fija 160813s1999 cr||||| |||| 00| 0 spa d
082 04 - NÚMERO DE LA CLASIFICACIÓN DECIMAL DEWEY
Número de clasificación 708
Número de ítem A472i
110 1# - ENTRADA PRINCIPAL--NOMBRE DE ENTIDAD CORPORATIVA
Nombre de entidad corporativa o nombre de jurisdicción como elemento de entrada Fundación Museos Banco Central de Costa Rica.
9 (RLIN) 5425
245 10 - MENCIÓN DEL TÍTULO
Título Imágenes de mujeres /
Mención de responsabilidad, etc. Fundación Museos Banco Central ; curaduría por Ileana Alvarado y Efraím Hernández.
250 ## - MENCION DE EDICION
Mención de edición 1a ed.
260 ## - PUBLICACIÓN, DISTRIBUCIÓN, ETC.
Lugar de publicación, distribución, etc. San José, Costa Rica :
Nombre del editor, distribuidor, etc. Fundación Museos Banco Central,
Fecha de publicación, distribución, etc. 1999.
300 ## - DESCRIPCIÓN FÍSICA
Extensión 32 p.
Otras características físicas il. col.
500 ## - NOTA GENERAL
Nota general Catálogo publicado con motivo a la exposición "Imágenes de Mujeres", presentada en Museos Banco Central, del 22 de junio al 19 de setiembre de 1999.
653 10 - TÉRMINO DE INDIZACIÓN--NO CONTROLADO
Término no controlado Arte - Costa Rica
653 10 - TÉRMINO DE INDIZACIÓN--NO CONTROLADO
Término no controlado Arte contemporáneo
653 10 - TÉRMINO DE INDIZACIÓN--NO CONTROLADO
Término no controlado Arte costarricense
653 10 - TÉRMINO DE INDIZACIÓN--NO CONTROLADO
Término no controlado Artistas costarricenses
653 10 - TÉRMINO DE INDIZACIÓN--NO CONTROLADO
Término no controlado Arte - Siglo XX
653 10 - TÉRMINO DE INDIZACIÓN--NO CONTROLADO
Término no controlado Pintura
653 10 - TÉRMINO DE INDIZACIÓN--NO CONTROLADO
Término no controlado Escultura
653 10 - TÉRMINO DE INDIZACIÓN--NO CONTROLADO
Término no controlado Mujeres en el arte
653 10 - TÉRMINO DE INDIZACIÓN--NO CONTROLADO
Término no controlado Catálogo de exhibición
653 10 - TÉRMINO DE INDIZACIÓN--NO CONTROLADO
Término no controlado Exhibiciones
700 1# - ENTRADA AGREGADA--NOMBRE PERSONAL
Nombre de persona Alvarado, Ileana.
Término indicativo de función/relación curadora.
9 (RLIN) 5426
700 1# - ENTRADA AGREGADA--NOMBRE PERSONAL
Nombre de persona Hernández, Efraím.
Término indicativo de función/relación curador.
9 (RLIN) 1703
Holdings
Estatus retirado Estado de pérdida Fuente del sistema de clasificación o colocación Estado de daño No para préstamo Biblioteca de origen Biblioteca actual Ubicación en estantería Fecha de adquisición Total de préstamos Signatura topográfica completa Código de barras Visto por última vez Precio de reemplazo Tipo de ítem Koha
    Clasificación Decimal Dewey     Biblioteca LadoV Biblioteca LadoV   13/08/2016   708 A472i 003896 13/08/2016 13/08/2016 Material 01